The mortuary papyrus of Padikakem : Walters Art Museum 551 /

محفوظ في:

المؤلف الرئيسي: Barbash, Yekaterina (مؤلف)

التنسيق: كتاب

اللغة: English

منشور في: New Haven, CT : Yale Egyptological Seminar, c2011.

سلاسل: Yale Egyptological Studies ; 8.
YES ; 8.

الموضوعات:

الوسوم: إضافة وسم

لا توجد وسوم, كن أول من يضع وسما على هذه التسجيلة!

رقم الطلب: PJ1025 .Y25 v.8

LEADER 01460nam a22003137a 4500
003 OSt
005 20251013084023.0
008 251013t2011 ctuaf b 001 0 eng d
020 |a 9780974002552 
040 |c ARCE Library 
043 |a f-ua--- 
050 1 4 |a PJ1025  |b .Y25 v.8 
100 1 |a Barbash, Yekaterina,  |e author  |9 26223 
245 1 4 |a The mortuary papyrus of Padikakem :   |b Walters Art Museum 551 /   |c Yekaterina Barbash. 
264 1 |a New Haven, CT :   |b Yale Egyptological Seminar,   |c c2011. 
300 |a xiii, 341 pages, [33] pages of plates :   |b illustrations ;   |c 26 cm. 
490 1 |a Yale Egyptological Studies ;   |v 8. 
490 1 |a YES ;   |v 8. 
500 |a Revision of the author's doctoral thesis--Johns Hopkins University, 2005. 
504 |a Includes bibliographical references and indexes. 
505 0 |a Preface and acknowledgments -- Abbreviations -- The papyrus Walters Art Museum 551 : introduction ; paleography and date ; grammar ; orthography ; vocabulary ; owner's name and provenance ; description of the text -- Glorification spells : introduction ; definition ; sources and history ; content and purpose ; function ; conclusion -- Transliteration, translation, commentary. 
555 |a shimaa 
650 0 |a Egyptian language  |x Papyri, Hieratic. 
650 0 |a Egyptian language  |x Writing, Hieratic. 
830 0 |a Yale Egyptological Studies ;   |v 8. 
830 0 |a YES ;   |v 8. 
901 |a reviewed 
942 |c BK  |2 lcc 
999 |c 24307  |d 24307